00380nam a22001337a 450000500170000000800410001704100130005808200130007110000120008424500490009626000510014530000240019665000260022020240726094242.0240726b |||||||| |||| 00| 0 eng d aEnglish  a349 SUP  lEnglish aCape Town: bJuta and Company Ltd, c1892-93 aCape Town: bJuta and Company Ltd, c1892 - 93 b430 pages; c25 cm. aLegal practice bLaw